LEADER 01298nam a2200265 i 4500 001 000000166207 003 CaOOAMICUS 005 20071107000000.0 008 071107s1938 it u000 u ita u 013 $a143575 040 $aSeMil$bita 100 1 $aTaviani, Paolo Emilio,$d<1912-2001>.$0(OLS)http://semarc/name/9389 245 13$aIl concetto di utilità e la teoria economica /$cPaolo Emilio Taviani. 260 $aMilano :$bVita e Pensiero,$c1938. 300 $a144 p. ;$c26 cm. 490 0 $aPubblicazioni della Università Cattolica del Sacro Cuore. Ser. 3., Scienze sociali ;$vVol.19. 490 0 $aPubblicazioni della Università Cattolica del Sacro Cuore 650 4$aUtilità economica.$0(OLS)http://semarc/subject/31563 830 0$aPubblicazioni della Università Cattolica del Sacro Cuore. Ser. 3., Scienze sociali ;$vVol.19.$0(OLS)http://semarc/title/20770 830 0$aPubblicazioni della Università Cattolica del Sacro Cuore.$0(OLS)http://semarc/title/22052 850 $aSeMil 852 $aSeMil$W1$xVenegono$y1$m3N V 529$j117378$B117378$CSeMilBibl$Z2$F128166 $81 961 $aRecupero: Altro 996 $6245$aIl concetto di utilità e la teoria economica$9(OLS)http://semarc/title/237405 996 $6260$aMilano :$bVita e Pensiero$9(OLS)http://semarc/publisher/29642 LEADER 01359nam a2200277 4500 001 000000331102 003 CaOOAMICUS 005 20210617121815.0 006 a 000 u 008 181108s2010 it a 000 u ita r 020 $a978-88-7511-132-8 040 $aSeMil$bita 100 1 $aSala, Angelo.$0(OLS)http://semarc/name/114125 245 10$aPietre color delle acque :$bil Romanico del Lario /$cAngelo Sala ; prefazione del Cardinale Angelo Scola ; immagini Agenzia Geografica Sole di vetro. 264 1$aMissaglia :$bBellavite,$c2010. 300 $a183 p. :$bill. ;$c29 cm 650 4$aLecco - Chiese romaniche.$0(OLS)http://semarc/subject/47835 650 4$aComo - Arte romanica.$0(OLS)http://semarc/subject/47834 700 1 $aAgenzia Geografica Sole di Vetro,$eillustratore.$0(OLS)http://semarc/name/64925 700 1 $aScola, Angelo,$c,$eautore di introduzione.$0(OLS)http://semarc/name/3364 850 $aSeMil 852 $aSeMil$W1$xVenegono$y1$m5Q VII 6$j220481$B231572$CSeMilBibl$Z2$F231572 $8I 996 $6020$a978-88-7511-132-8$9(OLS)http://semarc/number/285553 996 $6245$aPietre color delle acque :$bil Romanico del Lario$9(OLS)http://semarc/title/419781 996 $6264$aMissaglia :$bBellavite$9(OLS)http://semarc/publisher/32362